000 00952nam a22002537a 4500
005 20251120154038.0
008 251120b ||||| |||| 00| 0 esp d
020 _a9588175909 (obra completa)
020 _a9588247128
040 _aCO-BoUCM
_cDavid Moreno
_dDavid Moreno
041 _aspa
100 1 3 _aViviescas M. Víctor Raúl
_9126033
245 1 0 _aYellow taxi... o la esquina o cómo murieron los futbolistas que mataron a Karim
_cVíctor Raúl Viviescas M.
250 _a1a.Ed
260 _aBogota, Colombia
_bUniversidad Distrital Francisco José de Caldas
_c2004
300 _a141 Paginas
490 _aTeatro colombiano ; 1
650 1 4 _aTeatro colombiano
_925057
650 1 4 _aArtes escénicas en Colombia
_9187298
650 1 4 _aDramaturgia colombiana
_9187299
710 2 _aUniversidad Distrital
_bFacultad de Artes ASAB
_9187300
942 _2DEWEY
_a17
_cLIBRO
_e1
_h792.0986
_mV862y
_n0
999 _c325858
_d325858